Регионална библиотека "Любен Каравелов" - Русе

Европа (Запис номер 72097)

MARC детайли
000 -Лидер
Контролно поле с фиксирана дължина 02780nam a2200517 c 4500
003 - Код на организацията, давaща контролен номер
Контролно поле BLK
005 - Дата и час на последна редакция
Контролно поле 20210709090955.0
008 - Елементи от данни с фиксирана дължина
fixed length control field 180408b bul|||||r ||||||| ||bul||
010 ## - Наследен системен номер
LC control number KNG00076470000
020 ## - Международен стандартен номер на книга ISBN
Международен стандартен номер на книга ISBN 978-954-516-671-6
-- издат.: Летера
040 ## - Източник на каталожния запис
Идентификатор на билиотеката - собственик на записа BLK
041 ## - Код за език
Код за езика на текст/звукозапис или на отделно заглавие Български
Код за езика КДБФ Български
080 ## - УДК
Текстов определител УДК Социография. Социално положение. Условия на политическия и социалния живот. Социално и социално-икономическо положение на отделните страни, народи, раси. Социална география. (Общи въпроси)
УДК код - определител по УДК 308
УДК определител (4)(035)
УДК - код + определител 308(4)(035)
080 ## - УДК
Текстов определител УДК Европейски съюз - политически аспекти
УДК код - определител по УДК 327.7:061.1ЕС
УДК определител (035)
УДК - код + определител 327.7:061.1ЕС(035)
080 ## - УДК
Текстов определител УДК Европейски съюз (икон. аспекти)
УДК код - определител по УДК 339.923:061.1ЕС
УДК определител (035)
УДК - код + определител 339.923:061.1ЕС(035)
100 1# - Редна дума - Автор
Автор Райзах, Улрике
Авторска отговорност първи автор
R(LIN) 114536
139 ## - Редно поле
Редна дума Райзах, Улрике и др.
Авторски знак Раи - Р 27
245 10 - Сведения за заглавието
Заглавие Европа
Редно поле (дума) Улрике Райзах; съавт. Райнер Кьоте; ил. Джулиано Форнари; картограф Михаела Шнайдер; прев. Ели Доник Буздрева.
257 ## - Страна на издаване
Страна на създаване/издаване Германия
260 ## - Област на издателските данни
-- Пловдив
Име на издателя, разпространителя и проч. Летера
Година на издаване 2007
300 ## - Физическа характеристика
Страници 49 с.
Илюстрации и др. с цв. ил., к.
Размери/Мащаб 28 см
380 ## - Жанр
Жанр Детска отраслова лит.
490 1# - СЕРИИ (Колекции)
Име на серия Поредица Какво? Как? Къде?
500 ## - Общи забележки
Забележка Други ил. : Франк Климт, Йоахим Кнапе и Райнер Цигер. - Без сведение за ориг. загл. - Офс. изд. - Съдържа и Речник на страните ; Азб. показалец ; Факти и рекорди в Европа ; Физическа карта на Европа.
650 #4 - Допълнително описание по предмет – тема
Основно описание – тема или топоним Европа - енциклопедии
9 (RLIN) 275053
650 #4 - Допълнително описание по предмет – тема
Основно описание – тема или топоним Европейски съюз
9 (RLIN) 258188
651 #4 - Допълнително описание по предмет - топоним
Географско понятие Европа
9 (RLIN) 244407
653 ## - Ключова дума – ненормативна
Ключова дума Европа
653 ## - Ключова дума – ненормативна
Ключова дума география
653 ## - Ключова дума – ненормативна
Ключова дума климат
653 ## - Ключова дума – ненормативна
Ключова дума растения
653 ## - Ключова дума – ненормативна
Ключова дума животни
653 ## - Ключова дума – ненормативна
Ключова дума история
653 ## - Ключова дума – ненормативна
Ключова дума Европейски съюз
653 ## - Ключова дума – ненормативна
Ключова дума литература за деца
653 ## - Ключова дума – ненормативна
Ключова дума детска литература
700 1# - Други автори (авторска отговорност)
Лично име Кьоте, Райнер
Автороска отговорност (Описва отношението между автора и произведението) съавт.
9 (RLIN) 86713
700 1# - Други автори (авторска отговорност)
Лично име Форнари, Джулиано
Автороска отговорност (Описва отношението между автора и произведението) ил.
9 (RLIN) 134671
700 1# - Други автори (авторска отговорност)
Лично име Шнайдер, Михаела
Автороска отговорност (Описва отношението между автора и произведението) картограф
9 (RLIN) 295746
700 1# - Други автори (авторска отговорност)
Лично име Буздрева, Ели Доник
Автороска отговорност (Описва отношението между автора и произведението) прев.
9 (RLIN) 43711
852 ## - Местоположение
Форматна сигнатура Цб ІІ 14655
856 4# - Електронен адрес и достъп
Електронен формат pdf - файл
Път до файла /url/
856 4# - Електронен адрес и достъп
Електронен формат pdf - файл
Път до файла /url/
942 ## - АРТИКУЛИ
Вид на библиотечния материал Книги
Скрит в OPAC Не
Koha issues (borrowed), all copies 2
944 ## - СЪЗДАВАНЕ И РЕДАКЦИЯ на ЗАПИСА
Създаване/Редакция Създаване
Дата на регистрацията/редакция 25.07.2007
Статус, дата на статуса ф /
Служител, извършил регистрацията/редакцията Людмила_Стоянова
944 ## - СЪЗДАВАНЕ И РЕДАКЦИЯ на ЗАПИСА
Създаване/Редакция Редакция
Дата на регистрацията/редакция 09.01.2015
Статус, дата на статуса ф /
Служител, извършил регистрацията/редакцията Людмила_Стоянова
999 ## - СИСТЕМНИ КОНТРОЛНИ НОМЕРА
Koha biblionumber 72097
Koha biblioitemnumber 72097
Наличности
Код за отписване Код за изгубен артикул Код за повреда Коз за рестрикции Код за отдаване Артикулен № Име на библиотеката - собственик Име на библиотеката, в която се намира в момента Статус (Текущо местоположение) Дата на вписване в системата Местоположение - отдел Цена в лева Инвентарен номер Систематично азбучна сигнатура Баркод Номер на екземпляра Цена в евро Служебна бележка Служебен тип на артикула
  Не е изгубен Не е повреден без рестрикции заемане за дома 117522 Регионална библиотека "Любен Каравелов" Русе Регионална библиотека "Любен Каравелов" Русе Детски отдел 2007-07-25 Детски отдел 18.00 120000715547 ДН 308(4)/Р 27 120000715547 1 9.20 Дост: Pk Вид: Ф N: 6872 Дата: 20.07.2007 Дата инв: 20.08.2015 Бележки инв: Д2015 Книги
  Не е изгубен Не е повреден без рестрикции заемане за дома 117523 Регионална библиотека "Любен Каравелов" Русе Регионална библиотека "Любен Каравелов" Русе Детски отдел 2007-08-16 Детски отдел 18.00 120000716769 ДН 308(4)/Р 27 120000716769 2 9.20 Дост: Pk Вид: Ф N: 7450 Дата: 14.08.2007 Дата инв: 20.08.2015 Бележки инв: Д2015 Книги
  Не е изгубен Не е повреден без рестрикции заемане за дома 117524 Регионална библиотека "Любен Каравелов" Русе Регионална библиотека "Любен Каравелов" Русе Детски отдел 2014-12-10 Детски отдел 9.97 120000783818 ДН 308(4)/Р 27 120000783818 3 5.10 Дост: Pk Вид: Ф N: 422 Дата: 10.12.2014 Дата инв: 20.08.2015 Бележки инв: Д2015 Книги
Vip Innovations Ltd, Rousse, Bulgaria 2025